Central Library OPAC University of Rajshahi

Economics 83/84 / (Record no. 43429)

MARC details
000 -LEADER
fixed length control field 00706nam a2200241 a 4500
001 - CONTROL NUMBER
control field 43429
003 - CONTROL NUMBER IDENTIFIER
rucl marc code BD-RjUL
005 - DATE AND TIME OF LATEST TRANSACTION
control field 20211209053709.0
008 - FIXED-LENGTH DATA ELEMENTS--GENERAL INFORMATION
fixed length control field 980803s1983 ctu 000 0 eng d
020 ## - INTERNATIONAL STANDARD BOOK NUMBER
International Standard Book Number 0879674709
035 ## - SYSTEM CONTROL NUMBER
System control number (BD-RjUL)43547
040 ## - CATALOGING SOURCE
Original cataloging agency BD-RjUL
Language of cataloging eng
Transcribing agency BD-RjUL
041 ## - LANGUAGE CODE
Language code of text/sound track or separate title eng
082 ## - DEWEY DECIMAL CLASSIFICATION NUMBER
Edition number 23
Classification number 330.905
Author mark and year ECO 1983
245 00 - TITLE STATEMENT
Title Economics 83/84 /
Statement of responsibility, etc. edited by Reuben Slesinger and Glen Beeson,
260 ## - PUBLICATION, DISTRIBUTION, ETC. (IMPRINT)
Place of publication, distribution, etc. Guilford, Conn. :
Name of publisher, distributor, etc. Annual Editions,
Date of publication, distribution, etc. c1983.
300 ## - PHYSICAL DESCRIPTION
Pagination 273 p. :
Illustrations ill. ;
Size 28 cm.
650 #0 - SUBJECT ADDED ENTRY--TOPICAL TERM
Topical term or geographic name as entry element Economics
9 (RLIN) 133384
700 1# - ADDED ENTRY--PERSONAL NAME
Personal name Beeson, Glen.
Personal name Slesinger, Reuben E.
830 #0 - SERIES ADDED ENTRY--UNIFORM TITLE
Uniform title Volumes in the annual editions
942 ## - ADDED ENTRY ELEMENTS (KOHA)
Source of classification or shelving scheme Dewey Decimal Classification
Koha item type Books
Holdings
Lost status Source of classification or shelving scheme Damaged status Not for loan Collection code Permanent Location Current Location Shelving location Date acquired Total Checkouts Full call number Date last seen Copy number Koha item type
  Dewey Decimal Classification     Non-fiction Central Library, University of Rajshahi Central Library, University of Rajshahi   03/08/1985   330.905 ECO 1983 21/06/2016 C-2 Books
  Dewey Decimal Classification     Non-fiction Central Library, University of Rajshahi Central Library, University of Rajshahi   03/08/1985   330.905 ECO 1983 21/06/2016 C-3 Books
  Dewey Decimal Classification     Non-fiction Central Library, University of Rajshahi Central Library, University of Rajshahi   03/08/1985   330.905 ECO 1983 21/06/2016 C-4 Books